| 000 | 00784nam a22002417a 4500 | ||
|---|---|---|---|
| 001 | 000415 | ||
| 003 | DO-SdBNP | ||
| 005 | 20180131100905.0 | ||
| 007 | 000415 | ||
| 008 | 160721b 1987 sp ||||| |||| 00| 0 spa d | ||
| 020 | _a8474618657 | ||
| 040 |
_aBPMSU _bspa _cBPMSU |
||
| 100 | 1 |
_aHaggard, H. Rider, _d1856-1925. |
|
| 245 | 1 | 0 |
_aLas minas del rey Salomón / _bHenry R. Haggard ; traducción Malen González White. |
| 260 |
_aMadrid : _bClub Internacional del Libro, _c1987. |
||
| 300 |
_a250 p. ; _c19 cm. |
||
| 490 | 1 | _aObras maestras de la novela de aventuras. | |
| 700 | 1 | 2 |
_aGonzález White, Malen, _etr. |
| 830 | 0 | _aObras maestras de la novela de aventuras. | |
| 942 |
_2ddc _cBK |
||
| 945 | _aInventariado, 2018 /LP | ||
| 956 |
_2LOPEREZ _310 _620160721 _8BPMSU _a00041 |
||
| 999 |
_c11003 _d11003 |
||